Rendimento extrativo de cumarina de folhas de guaco (Mikania glomerata Sprengel) submetidas a diferentes temperaturas de secagem (Registro n. 298839)
[ somente texto ]
| 000 -LÍDER | |
|---|---|
| fixed length control field | 03073nab a2200301 i 4500 |
| 003 - CÓDIGO MARC DA AGÊNCIA CATALOGADORA | |
| Campo de controle | BR-BrBNA |
| 005 - DATA E HORA DA ÚLTIMA ATUALIZAÇÃO | |
| Campo de controle | 20240319104210.0 |
| 008 - CAMPO DE TAMANHO FIXO | |
| fixed length control field | 240319b2012 bl.qr|pooa||| 00| 0 por | |
| 040 ## - FONTE DA CATALOGAÇÃO | |
| Agência catalogadora | BR-BrBNA |
| Idioma da catalogação | por |
| 072 ## - CATEGORIA AGRIS | |
| Código AGRIS | Q02 |
| 100 ## - ENTRADA PRINCIPAL - NOME PESSOAL | |
| Nome pessoal | Radünz, L.L. |
| 100 ## - ENTRADA PRINCIPAL - NOME PESSOAL | |
| Nome pessoal | Melo, E.C. |
| 100 ## - ENTRADA PRINCIPAL - NOME PESSOAL | |
| Nome pessoal | Barbosa, L.C.A. |
| 100 ## - ENTRADA PRINCIPAL - NOME PESSOAL | |
| Nome pessoal | Rocha, R.P. |
| 100 ## - ENTRADA PRINCIPAL - NOME PESSOAL | |
| Nome pessoal | Berbert, P.A. |
| 245 ## - TÍTULO PRINCIPAL | |
| Título principal | Rendimento extrativo de cumarina de folhas de guaco (Mikania glomerata Sprengel) submetidas a diferentes temperaturas de secagem |
| 500 ## - NOTA GERAL | |
| Nota geral | Publicação on-line; 15 ref.; 2 tables; Summaries (En, Pt) |
| 942 ## - ADDED ENTRY ELEMENTS (KOHA) | |
| Koha item type | |
| 520 ## - NOTA DE RESUMO | |
| Nota de conteúdo | <br/><br/>RESUMO: <br/><br/>O objetivo deste trabalho foi avaliar o efeito da temperatura do ar de secagem no<br/>rendimento extrativo da cumarina de folhas de guaco. Foram empregados 6 tratamentos de<br/>secagem, sendo ar ambiente, ar aquecido a 40, 50, 60, 70 e 80ºC. Utilizou-se secador de bandejas,<br/>tendo como fonte de aquecimento o gás liquefeito de petróleo (GLP). Os rendimentos extrativos<br/>da cumarina, depois de realizada a secagem, foram comparados com os valores obtidos da<br/>planta fresca (tratamento testemunha). A extração da cumarina foi realizada pelo método a quente,<br/>em banho-maria a 65ºC, sendo a identificação e quantificação realizada por cromatografia líquida<br/>de alta eficiência (CLAE). Em função dos resultados obtidos, pôde-se concluir que a temperatura<br/>do ar de secagem a 50ºC possibilitou o melhor resultado para o rendimento extrativo de cumarina<br/>em folhas de guaco.<br/><br/>Palavras-chave: plantas medicinais, técnicas de secagem, Mikania glomerata, guaco |
| 520 ## - NOTA DE RESUMO | |
| Nota de conteúdo | <br/><br/>RESUMO: <br/><br/>O objetivo deste trabalho foi avaliar o efeito da temperatura do ar de secagem no<br/>rendimento extrativo da cumarina de folhas de guaco. Foram empregados 6 tratamentos de<br/>secagem, sendo ar ambiente, ar aquecido a 40, 50, 60, 70 e 80ºC. Utilizou-se secador de bandejas,<br/>tendo como fonte de aquecimento o gás liquefeito de petróleo (GLP). Os rendimentos extrativos<br/>da cumarina, depois de realizada a secagem, foram comparados com os valores obtidos da<br/>planta fresca (tratamento testemunha). A extração da cumarina foi realizada pelo método a quente,<br/>em banho-maria a 65ºC, sendo a identificação e quantificação realizada por cromatografia líquida<br/>de alta eficiência (CLAE). Em função dos resultados obtidos, pôde-se concluir que a temperatura<br/>do ar de secagem a 50ºC possibilitou o melhor resultado para o rendimento extrativo de cumarina<br/>em folhas de guaco.<br/><br/>Palavras-chave: plantas medicinais, técnicas de secagem, Mikania glomerata, guaco |
| 650 ## - ASSUNTO - THESAGRO | |
| Cabeçalho tópico ou nome geográfico | PLANTA MEDICINAL |
| 650 ## - ASSUNTO - THESAGRO | |
| Cabeçalho tópico ou nome geográfico | SECAGEM |
| 650 ## - ASSUNTO - THESAGRO | |
| Cabeçalho tópico ou nome geográfico | MIKANIA |
| 650 ## - ASSUNTO - THESAGRO | |
| Cabeçalho tópico ou nome geográfico | GUACO |
| 773 0# - ENTRADA ANALÍTICA | |
| Host Biblionumber | 3543 |
| Registro do item | 313916 |
| Imprenta | Botucatu-SP Instituto de Biociências - Departamento de Química e Bioquímica 1998 |
| Outro identificador | 2024-0186 |
| Título | Revista Brasileira de Plantas Medicinais (Brazil) |
| ISSN | 1516-0572 |
| Colação | v. 14(3) p. 453-457; (2012) |
| Número de controle de registro | BR2024000357 |
| 856 ## - ACESSO E ENDEREÇO ELETRÔNICO | |
| Identificador uniforme de recurso - URI | https://www.scielo.br/j/rbpm/a/3pBrpdRcZc87g6VbjQKmhHk/?format=pdf&lang=pt |
Nenhum exemplar disponível.

BINAGRI